000 00453cam a2200181 4500
001 D15420
008 090401t1971 xxu||||| |||| 00| 0 eng d
035 _a(Sirsi) u22679
041 _aeng
110 _aRoyal Institution of Chartered Surveyors
_94900
245 4 _aThe future role of the quantity surveyor
260 _bRICS
_c1971
300 _a22p
350 _a0.75
520 _aFiled in box 1971/12 ABCD
942 _n0
948 _c04/03/1997
999 _c88227
_d88227